000 01035nam a2200241Ii 4500
003 JO-AjNU
008 230605s9999||||xx |||||||||||||| ||und||
017 _a1427/1298
020 _a9960-52-422-1
040 _aJO-AjNU
_bara
_erda
_cJO-AjNU
041 _aara
050 1 4 _aHF1373.A28.2007
100 3 _aإعداد وتأليف، توفيق خليل أبو أصبع,
_eauthor
_927959
245 0 0 _aموسوعة الطريق إلى مصطلحات التجارة الدولية : معجم إنجليزي - عربي = International Trade Terms : English - Arabic Dictionary
250 _aط1
264 3 1 _aالرياض: مطبعة النرجس التجارية، 2007
300 _a408ص
_bيشتمل على مراجع ببلوغرافية ص(408)
336 _atext
_btxt
_2rdacontent
337 _aunmediated
_bn
_2rdamedia
338 _avolume
_bnc
_2rdacarrier
490 0 _aموسوعة الطريق
650 4 _aالتجارة الدولية - القواميس-- التجارة الدولية - المصطلحات
_927960
999 _aA10786
_c14354
_d14354